000 00267nam a2200109Ia 4500
008 200302s9999 xx 000 0 und d
100 _aMichelle Galindo
245 _aCollection European Architecture
260 _bVerlagshaus Braun
260 _c2009
300 _a512 P.,
999 _c2670
_d2670